000 00357 a2200157 4500
001 56964
020 _a850201879
040 _cAnchieta - Pituba
100 _aNicolelis, Giselda Laporta
240 1 0 _aO mistério mora ao lado
_lpor
245 1 0 _aO mistério mora ao lado
300 _a95
362 0 _a2002
650 4 _aLiteratura juvenil
942 _cBK
999 _c56964
_d56964